Antología de organistas españoles del siglo XVII [Música impresa] / transcripción y estudio por Higinio Anglès
Descripción Física:
4 v. : amb partitures musicals ; 25 x 32 cm
Otros Autores:
Anglès, Higini, 1888-1969
Materias:
Orgue, Música per a -- S. XVII
MARC
| LEADER | 00000nam a2200000Ia 4500 | ||
|---|---|---|---|
| 001 | 9917, 9918, 9919, 9920 | ||
| 008 | 160829s1965 - 1968 xx 000 0 cat d | ||
| 080 | |a FOL-1-141, FOL-1-142, FOL-1-143, FOL-1-144 | ||
| 245 | |a Antología de organistas españoles del siglo XVII [Música impresa] / transcripción y estudio por Higinio Anglès | ||
| 260 | |a Barcelona: |b Diputación Provincial de Barcelona. Biblioteca Central, |c 1965 - 1968 | ||
| 300 | |a 4 v. : |b amb partitures musicals ; |c 25 x 32 cm | ||
| 490 | |a Publicaciones de la Sección de Música / Biblioteca Central ; 20-23 | ||
| 590 | |a Conté: v. 1: Transcripción y estudio; v. 2: 1966; v. 3: 1967; v. 4: 1968 | ||
| 650 | |a Orgue, Música per a |x S. XVII |9 30038 | ||
| 700 | |a Anglès, Higini, |d 1888-1969 |9 26341 | ||
| 710 | 2 | |a Biblioteca Central (Barcelona, Catalunya) |9 54533 | |
| 901 | |a Arxiu | ||
| 942 | |n 1 | ||
| 952 | |0 0 |1 0 |4 0 |6 FOL1141_FOL1142_FOL1143_FOL1144 |7 1 |9 45229 |a Arxiu |b Arxiu |d 2016-12-01 |l 0 |o FOL-1-141, FOL-1-142, FOL-1-143, FOL-1-144 |p 9917, 9918, 9919, 99 |r 2016-12-01 00:00:00 |w 2016-12-01 |y ARXIU | ||
| 999 | |c 48303 |d 48303 | ||